Представление документа в формате RUSMARC

ПолеНазваниеЗначение
  Тип записи a
  Библиографический уровень m
001 Контрольный номер RU/SLIB/B/208728947
005 Дата корректировки 20201206204018.4
010 Индекс ISBN __
d Цена 2-60
101 Язык документа __
a Язык текста rus
c Язык оригинала eng
200 Заглавие и сведения об ответственности 1_
a Заглавие Неистовый странник
e Сведения, относящиеся к заглавию биогр. новелла о Юджине Дебсе : пер. с англ.
f Первые сведения об ответственности Стоун И.
b Общее обозначение материала Текст
210 Выходные данные __
a Место издания М.
c Издательство Политиздат
d Дата издания 1986
215 Физическое описание __
a Объем 384 с.
600 Персоналии __
a Персоналии (Фамилия) Дебс, Ю.
606 Тематические рубрики __
a Основная рубрика История
y Географическая подрубрика Америка; США
606 Тематические рубрики __
a Основная рубрика Америка в кон. XV в. - 1918 г.
610 Ключевые слова __
a Ключевые слова биографии; социалисты; руководители; политические деятели; новеллы; историческая литература
686 Индексы других классификаций __
a Классификационный индекс 63.3(7Сое)5-8; ст63.3(7Сое)-8
700 Автор __
a Фамилия Стоун
b Имя И.
4 Код отношения 070
801 Источник записи _0
a Страна RU
b Организация Муниципальное бюджетное учреждение культуры "Централизованная библиотечная система" г. Сургут (Центральная городская библиотека им. А. С. Пушкина)
g Правила каталогизации КиК/Елгина
801 Источник записи _1
a Страна RU
b Организация Муниципальное бюджетное учреждение культуры "Централизованная библиотечная система" г. Сургут (Центральная городская библиотека им. А. С. Пушкина)
g Правила каталогизации КиК/Елгина
852 Данные о местонахождении __
j Шифр хранения 63.3(7Сое)5-8
i Авторский знак С 82
p Инвентарный номер 28546
901 Тип документа __
t Тип документа m
990 Данные о заказе (DOS) __
j Количество экземпляров (DOS) 1